000 00677nam a22001937a 4500
005 20251108165320.0
008 250721s1981 xx 000 0 ara d
082 1 4 _a956.612/امي
100 1 _aالريحاني، أمين
245 1 0 _aتاريخ نجد و ملحقاته و هو يشتمل على نبذات ثلاث في نواحي نجد و محمد بن عبد الوهاب و الوهابيه و آل سعود منذ نشأتهم /
250 _aط5
264 1 _aبيروت :
_bدار الكاتب العربي،
_c1981.
300 _a494ص
650 1 7 _aالسعودية
650 1 7 _aالتاريخ
650 1 7 _aنجد
942 _2ddc
_cBK
999 _c24900
_d24900